Road to Katmandu (Record no. 574327)

MARC details
000 -LEADER
fixed length control field 01024nam a2200169Ia 4500
008 - FIXED-LENGTH DATA ELEMENTS--GENERAL INFORMATION
fixed length control field 250630s9999 xx 000 0 und d
020 ## - INTERNATIONAL STANDARD BOOK NUMBER
ISBN 9781845110178
082 ## - DEWEY DECIMAL CLASSIFICATION NUMBER
Classification number 915.04426
Item number MAR
100 ## - MAIN ENTRY--AUTHOR NAME
Personal name Marnham, Patrick
245 #0 - TITLE STATEMENT
Title Road to Katmandu
260 ## - PUBLICATION, DISTRIBUTION, ETC. (IMPRINT)
Name of publisher Tauris Parke Paperbacks
Year of publication 2005
300 ## - PHYSICAL DESCRIPTION
Number of Pages 172 pages
500 ## - GENERAL NOTE
General note Road to Kathmandu is the part-factual, part-fictional account of Patrick Marnham's own pilgrimage from Turkey to Nepal in 1968. He travelled over three thousand miles, passing through Ankara to Ararat, Tehran and Mashad, Herat, Kandahar and Kabul, Peshawar, Lahore and Varanasi ... before finally reaching Kathmandu. His journey is a kaleidoscopic blend of tortuous train journeys and lethal truck drives; wild deserts, mountains and isolated villages. His nights were often spent sleeping by the roadside and his days searching for the next ride. Along the way, he met a colourful and eclectic cast of characters.
650 ## - SUBJECT ADDED ENTRY--TOPICAL TERM
Topical Term Social Science
942 ## - ADDED ENTRY ELEMENTS (KOHA)
Koha item type English Books
Holdings
Withdrawn status Lost status Damaged status Not for loan Home library Current library Shelving location Date acquired Full call number Accession Number Price effective from Koha item type
        Anna Centenary Library Anna Centenary Library 7TH FLOOR, B WING 30.06.2025 915.04426 MAR 312951 30.06.2025 English Books

Find us on the map